000 00439nam a2200169Ia 4500
008 230524s9999 xx 000 0 und d
082 _a612
_bHEN
100 _aW.R.Hendee
_924235
245 0 _aMedical Imaging Physics (4th edn.)
250 _a3RD
260 _aNEW DELHI
_bWiley-Liss(John Willey)
_c1992
300 _aVIII;885
500 _aQuantity Number: 1
650 _aBiomedical
700 _a E.R.Ritenour
_924236
942 _cBK
999 _c35738
_d35738